000 00329nam a2200145Ia 4500
003 OSt
005 20240322150323.0
008 170523s9999 xx 000 0 und d
020 _a978-0765612892
040 _ciimtu meerut
100 _aFORGANG
245 0 _aSTRATEGY SPECIFIC DECISION MAKING
260 _bPHI
942 _2ddc
_c02
999 _c1863
_d1863